000 00289nam a22001337a 4500
008 170817b xxu||||| |||| 00| 0 eng d
020 _a9780558942786
041 _aeng
080 _a51
100 _a36
101 _aMAT
245 _aCONNECTING THE CONCEPTS
_cFROST,B
942 _2udc
_cBK
999 _c23882
_d23882